Statistics for Sports Movies By Year

Click here to take the quiz!

General Stats

  • This quiz has been taken 24 times
  • The average score is 9 of 20

Answer Stats

YearSportActors & RolesAnswer% Correct
2001BoxingWill Smith as Muhammad Ali/Jamie Foxx as Drew BrownAli
92%
2004DodgeballVince Vaughn as Pete LaFleur/Ben Stiller as White GoodmanDodgeBall: A True Underdog Story
83%
2000American FootballDenzel Washington as Herman Boone/Will Patton as Bill YoastRemember the Titans
79%
2015BoxingMichael B. Jordan as Adonis Creed/Sylvester Stallone as Rocky BalboaCreed
79%
2009American FootballSandra Bullock as Leigh Anne Tuohy/Quinton Aaron as Michael OherThe Blind Side
75%
2019Car RacingChristian Bale as Ken Miles/Matt Damon as Carroll ShelbyFord v Ferrari
67%
2018Street BasketballKyrie Irving as Uncle Drew/Lil Rel Howery as Dax WinslowUncle Drew
58%
2005BasketballSamuel L. Jackson as Ken Carter/Rob Brown as Kenyon StoneCoach Carter
58%
2008BasketballWill Ferrell as Jackie Moon/André Benjamin as ClarenceSemi-Pro
46%
2006BaseballRob Schneider as Gus Matthews/David Spade as Richie GoodmanThe Benchwarmers
42%
2003Horse RacingTobey Maguire as Red Pollard/Jeff Bridges as Charles HowardSeabiscuit
42%
2017Figure SkatingMargot Robbie as Tonya Harding/Sebastian Stan as Jeff GilloolyI, Tonya
42%
2016Ski JumpingTaron Egerton as Michael Edwards/Hugh Jackman as Bronson PearyEddie the Eagle
29%
2012BaseballClint Eastwood as Gus Lobel/Justin Timberlake as Johnny FlanaganTrouble with the Curve
25%
2010BoxingMark Wahlberg as Micky Ward/Christian Bale as Dicky EklundThe Fighter
25%
2002BasketballBow Wow as Calvin Cambridge/Jonathan Lipnicki as MurphLike Mike
25%
2014BaseballJon Hamm as JB Bernstein/Suraj Sharma as Rinku SinghMillion Dollar Arm
21%
2013Auto RacingChris Hemsworth as James Hunt/Daniel Brühl as Niki LaudaRush
21%
2011Robot BoxingHugh Jackman as Charlie Kenton/Dakota Goyo as Max KentonReal Steel
21%
2007SoccerCarly Schroeder as Grace Bowen/Dermot Mulroney as Father Bryan BowenGracie
4%

Score Distribution

Percentile by Number Answered

Percent of People with Each Score

Your Score History

You have not taken this quiz